000 00779nam a2200241 i 4500
001 bg
100 1 _aZIELIŃSKI, Paweł
245 1 0 _aSystemy informatyczne dla bankowości w zarysie /
_cPaweł Zieliński.
260 _aWarszawa :
_bPLJ,
_c1998.
300 _a104 s. :
_brys., wykr. ;
_c24 cm.
490 1 _aProblemy Współczesnej Nauki Teoria i Zastosowania. Informatyka
504 _aBibliogr. s. 101-104.
650 9 _aBanki
_xautomatyzacja
650 9 _aSystemy informatyczne
_xstosowanie
_xfinanse
830 0 _aProblemy Współczesnej Nauki Teoria i Zastosowania.
_pInformatyka
020 _a8371013841
040 _cBPK
041 0 _apl
080 _a336.71:004.6+004.7
920 _a83-7101-384-1
942 _cKS
008 s pl f |000 0 pol
999 _c33545
_d33545
856 _uhttp://koha.tu.koszalin.pl/cgi-bin/koha/opac-detail.pl?biblionumber=33545
_yKatalog online BPK